Psychology in your life (Record no. 590564)

000 -LEADER
fixed length control field 02786cam a2200385 i 4500
001 - CONTROL NUMBER
control field 20636333
003 - CONTROL NUMBER IDENTIFIER
control field NUST
005 - DATE AND TIME OF LATEST TRANSACTION
control field 20220828190704.0
008 - FIXED-LENGTH DATA ELEMENTS--GENERAL INFORMATION
fixed length control field 180809s2019 nyua b 001 0 eng c
010 ## - LIBRARY OF CONGRESS CONTROL NUMBER
LC control number 2018026977
020 ## - INTERNATIONAL STANDARD BOOK NUMBER
International Standard Book Number 9780393644470
Qualifying information (pbk.)
020 ## - INTERNATIONAL STANDARD BOOK NUMBER
International Standard Book Number 9780393673913
Qualifying information (pbk.)
038 ## - RECORD CONTENT LICENSOR
Staff Name Azhar
040 ## - CATALOGING SOURCE
Original cataloging agency LBSOR/DLC
Language of cataloging eng
Description conventions rda
Transcribing agency LBSOR
042 ## - AUTHENTICATION CODE
Authentication code pcc
050 00 - LIBRARY OF CONGRESS CALL NUMBER
Classification number BF713
Item number .G75 2019
082 00 - DEWEY DECIMAL CLASSIFICATION NUMBER
Classification number 155
Edition number 23
Author Mark GRI
100 1# - MAIN ENTRY--PERSONAL NAME
Personal name Grison, Sarah,
Relator term author.
9 (RLIN) 94812
245 10 - TITLE STATEMENT
Title Psychology in your life
Statement of responsibility, etc. Sarah Grison, Parkland College, Michael S. Gazzaniga, University of California, Santa Barbara.
250 ## - EDITION STATEMENT
Edition statement Third edition.
260 ## - PUBLICATION, DISTRIBUTION, ETC.
Place of publication, distribution, etc. New York :
Name of publisher, distributor, etc. W. W. Norton & Company,
Date of publication, distribution, etc. 2019
300 ## - PHYSICAL DESCRIPTION
Extent xxxl, 635 p
Other physical details color illustrations ;
Dimensions 28 cm
336 ## - CONTENT TYPE
Content type term text
Source rdacontent
337 ## - MEDIA TYPE
Media type term unmediated
Source rdamedia
338 ## - CARRIER TYPE
Carrier type term volume
Source rdacarrier
504 ## - BIBLIOGRAPHY, ETC. NOTE
Bibliography, etc. note Includes bibliographical references and index.
505 0# - FORMATTED CONTENTS NOTE
Formatted contents note Introducing the world of psychology : why is psychology important to you? -- The role of biology in psychology : how do our nervous systems affect thinking and behavior? -- Consciousness : what does it mean to be conscious? -- Development across the life span : how do we develop in the womb? -- Sensation and perception : how do sensation and perception affect us? -- Learning : what are the three ways we learn? -- Memory : how do we acquire memories? -- Thinking and intelligence : what is thinking? -- Motivation and emotion : what motivates our behavior? -- Sex, gender, and sexuality : how does biology make us male or female? -- Health and well-being : what affects our health? -- Social psychology : how do we think about other people? -- Self and personality : how do we know ourselves? -- Psychological disorders : what is a psychological disorder? -- Psychological treatments : how are psychological disorders treated?
520 ## - SUMMARY, ETC.
Summary, etc. "Makes science accessible at all levels by showing how psychology is relevant to students' everyday lives. Author Sarah Grison--an expert in the teaching of introductory psychology--has created a print and digital package with an equal commitment to the success of every instructor and student. A strong, author-driven support package--rich with original media, a test bank, Active Learning slides, and InQuizitive adaptive learning modules--provides instructors with everything they need to help today's students understand and apply introductory psychology"--
Assigning source Provided by publisher.
650 #0 - SUBJECT ADDED ENTRY--TOPICAL TERM
Topical term or geographic name entry element Developmental psychology.
650 #0 - SUBJECT ADDED ENTRY--TOPICAL TERM
Topical term or geographic name entry element Psychology.
700 1# - ADDED ENTRY--PERSONAL NAME
Personal name Gazzaniga, Michael S.,
Relator term author.
9 (RLIN) 94813
906 ## - LOCAL DATA ELEMENT F, LDF (RLIN)
a 7
b cbc
c orignew
d 1
e ecip
f 20
g y-gencatlg
942 ## - ADDED ENTRY ELEMENTS (KOHA)
Source of classification or shelving scheme
Koha item type Lincoln Corner
Holdings
Withdrawn status Lost status Source of classification or shelving scheme Damaged status Not for loan Permanent Location Current Location Shelving location Date acquired Full call number Barcode Date last seen Price effective from Koha item type
          Central Library (CL) Central Library (CL) Lincoln Corner 07/24/2022 155 GRI LC-88 07/24/2022 07/24/2022 Reference
© 2023 Central Library, National University of Sciences and Technology. All Rights Reserved.